Roman Numerals - Statistics

General Stats
  • This quiz has been taken 55 times
  • The average score is 10 of 15
Answer Stats
Hint Answer % Correct
64 LXIV
95%
153 CLIII
93%
6 VI
86%
8 VIII
84%
29 XXIX
81%
73 LXXIII
79%
62 LXII
77%
89 LXXXIX
74%
529 DXXIX
72%
635 DCXXXV
70%
2,134 MMCXXXIV
67%
482 CDLXXXII
65%
3,471 MMMCDLXXI
60%
3,657 MMMDVII
2%
645 DCCDV
0%
No matching quizzes found
Score Distribution
Percent of People with Each Score
Percentile by Number Answered
Your Score History
You have not taken this quiz